| 000 | 01991cam a2200253 4500 | ||
|---|---|---|---|
| 001 | L137043 | ||
| 008 | 110830s2006 xxk f 000 0 eng d | ||
| 035 | _a(Sirsi) u137043 | ||
| 041 | 0 | _aeng | |
| 050 | 0 | 4 | _a333.3307 $2 18 |
| 110 | 2 |
_aRoyal Institution of Chartered Surveyors _bCommercial Property Faculty _94355 |
|
| 245 | 0 | 0 |
_aYour pathway to qualifying in property finance and investment _h[electronic resource] |
| 260 |
_aLondon _bRICS _c2006 |
||
| 505 | 2 | _aIntroduction -- Pathway requirements: property finance and investment APC -- Competency guidance: accounting principles and procedures; capital taxation; corporate finance; development appraisals; financial modelling; indirect investment vehicles; inspection; investment management including fund and portfolio management; landlord and tenant (including rent reviews and lease renewals); leasing/letting; local taxation/assessment; property finance and funding; property management; purchase and sale; research methodologies and techniques; strategic real estate consultancy; valuation. | |
| 520 | _aProvides information on the area with a general overview of the pathways. Lists the competency requirements of the property finance and investment APC pathways (as set out in the APC/ATC Requirements and competencies guide July 2006). Describes the main competencies associated with machinery and business assets, providing expanded sector specific guidance on each of them. | ||
| 590 | _aKA | ||
| 651 | 4 |
_aUnited Kingdom _y |
|
| 690 | _aCAREERS, EDUCATION AND TRAINING-QUALIFICATION ROUTES | ||
| 690 | _aCAREERS, EDUCATION AND TRAINING-CAREERS IN SURVEYING-CAREERS IN VALUATION | ||
| 690 | _aCAREERS, EDUCATION AND TRAINING-QUALIFICATION ROUTES-ASSESSMENT OF PROFESSIONAL COMPETENCE | ||
| 710 | 2 |
_aRoyal Institution of Chartered Surveyors _bValuation Faculty _94354 |
|
| 856 | 4 | 0 |
_uhttps://www.rics.org/site/download_feed.aspx?fileID=1201&fileExtension=PDF _zView the item free of charge at www.rics.org |
| 942 | _n0 | ||
| 999 |
_c106616 _d106616 |
||